Fundamentals of Strategy (Record no. 21770)
[ view plain ]
| 000 -LEADER | |
|---|---|
| fixed length control field | 00474nam a22001817a 4500 |
| 005 - DATE AND TIME OF LATEST TRANSACTION | |
| control field | 20221206120951.0 |
| 008 - FIXED-LENGTH DATA ELEMENTS--GENERAL INFORMATION | |
| fixed length control field | 221206b |||||||| |||| 00| 0 eng d |
| 020 ## - INTERNATIONAL STANDARD BOOK NUMBER | |
| International Standard Book Number | 0273757334 |
| 082 ## - DEWEY DECIMAL CLASSIFICATION NUMBER | |
| Classification number | 658.4012 |
| 100 ## - MAIN ENTRY--PERSONAL NAME | |
| Personal name | Johnson, Gerry |
| 245 ## - TITLE STATEMENT | |
| Title | Fundamentals of Strategy |
| 250 ## - EDITION STATEMENT | |
| Edition statement | 2ed. |
| 260 ## - PUBLICATION, DISTRIBUTION, ETC. | |
| Place of publication, distribution, etc. | Harlow: |
| Name of publisher, distributor, etc. | Pearson, |
| Date of publication, distribution, etc. | 2012 |
| 300 ## - PHYSICAL DESCRIPTION | |
| Extent | xix, 284p.: ill.; 24cm |
| 500 ## - GENERAL NOTE | |
| General note | Include Index |
| 700 ## - ADDED ENTRY--PERSONAL NAME | |
| Personal name | Whittington, Richard and Scholes, Kevan |
| 942 ## - ADDED ENTRY ELEMENTS (KOHA) | |
| Source of classification or shelving scheme | Dewey Decimal Classification |
| Koha item type | Books |
| Suppress in OPAC | No |
| Withdrawn status | Lost status | Source of classification or shelving scheme | Damaged status | Not for loan | Collection code | Home library | Current library | Shelving location | Date acquired | Source of acquisition | Full call number | Barcode | Date last seen | Price effective from | Koha item type |
|---|---|---|---|---|---|---|---|---|---|---|---|---|---|---|---|
| Dewey Decimal Classification | Non-fiction | IFM Mwanza Campus | IFM Mwanza Campus | Mwanza Teaching Center | 12/06/2022 | Purchase | 658.4012 JOH | 0000022817 | 12/06/2022 | 12/06/2022 | Books |
